Programming and Customizing the PIC Microcontroller / (Record no. 15172)

MARC details
000 -LEADER
fixed length control field 01417cam a2200325 a 4500
001 - CONTROL NUMBER
control field 15752383
005 - DATE AND TIME OF LATEST TRANSACTION
control field 20091123133657.0
008 - FIXED-LENGTH DATA ELEMENTS--GENERAL INFORMATION
fixed length control field 090527s2008 nyua 001 0 eng
010 ## - LIBRARY OF CONGRESS CONTROL NUMBER
LC control number 2009419510
020 ## - INTERNATIONAL STANDARD BOOK NUMBER
International Standard Book Number 0071472878
020 ## - INTERNATIONAL STANDARD BOOK NUMBER
International Standard Book Number 9780071472876
040 ## - CATALOGING SOURCE
Original cataloging agency DLC
Transcribing agency DLC
Modifying agency DLC
050 00 - LIBRARY OF CONGRESS CALL NUMBER
Classification number TJ223.P76
Item number P74 2008
082 00 - DEWEY DECIMAL CLASSIFICATION NUMBER
Classification number 629.895
Edition number 22
Item number PRE
100 1# - MAIN ENTRY--PERSONAL NAME
Personal name Predko, Michael.
9 (RLIN) 23307
245 10 - TITLE STATEMENT
Title Programming and Customizing the PIC Microcontroller /
Statement of responsibility, etc Myke Predko.
250 ## - EDITION STATEMENT
Edition statement 3rd ed.
260 ## - PUBLICATION, DISTRIBUTION, ETC. (IMPRINT)
Place of publication, distribution, etc New York :
Name of publisher, distributor, etc McGraw Hill, 2008
Date of publication, distribution, etc c2008.
300 ## - PHYSICAL DESCRIPTION
Extent xxiii,1263 p. :
Other physical details ill. ;
Dimensions 24 cm.
500 ## - GENERAL NOTE
General note Includes index.
650 #0 - SUBJECT ADDED ENTRY--TOPICAL TERM
Topical term or geographic name as entry element Programmable controllers.
9 (RLIN) 23308
650 #0 - SUBJECT ADDED ENTRY--TOPICAL TERM
Topical term or geographic name as entry element Microcontrollers.
9 (RLIN) 23309
653 ## - INDEX TERM--UNCONTROLLED
Resource For college
Arrived date list April2011
856 42 - ELECTRONIC LOCATION AND ACCESS
Materials specified Contributor biographical information
Uniform Resource Identifier <a href="http://www.loc.gov/catdir/enhancements/fy1002/2009419510-b.html">http://www.loc.gov/catdir/enhancements/fy1002/2009419510-b.html</a>
856 42 - ELECTRONIC LOCATION AND ACCESS
Materials specified Publisher description
Uniform Resource Identifier <a href="http://www.loc.gov/catdir/enhancements/fy1002/2009419510-d.html">http://www.loc.gov/catdir/enhancements/fy1002/2009419510-d.html</a>
856 41 - ELECTRONIC LOCATION AND ACCESS
Materials specified Table of contents only
Uniform Resource Identifier <a href="http://www.loc.gov/catdir/enhancements/fy1002/2009419510-t.html">http://www.loc.gov/catdir/enhancements/fy1002/2009419510-t.html</a>
942 ## - ADDED ENTRY ELEMENTS (KOHA)
Source of classification or shelving scheme Dewey Decimal Classification
Item type Book - Borrowing
Holdings
Withdrawn status Item status Source of classification or shelving scheme Damaged status Not for loan Vendor Home library Current library Shelving location Date acquired Source of acquisition Cost, normal purchase price Serial Enumeration / chronology Total Checkouts Total Renewals Full call number Barcode Date last seen Date last borrowed Koha item type
    Dewey Decimal Classification     Baccah Central Library Central Library First floor 26/04/2011   384.00 12158 6 47 629.895 PRE 000023387 15/07/2025 04/11/2014 Book - Borrowing